000 00531nam a2200181Ia 4500
008 240729s9999 xx 000 0 und d
022 _a1348-4540
245 0 _aEndocrine Journal
260 _aJapan
260 _bThe Japan Endocrine Society
650 _a Diseases of the endocrine glands. Clinical endocrinology
650 _a Internal medicine
650 _a Specialties of internal medicine
650 _aMedicine
856 _uhttps://doaj.org/toc/7613cc2c7917426ebc3ca038e5eac386
942 _2ddc
942 _cDOAJEJ
999 _c74674
_d74674
945 _a1
_bMadushi Gamage
_c1
_dMadushi Gamage